[Event "DVM U20w 2023"]
[Site "Magdeburg GER"]
[Date "2023.12.27"]
[Round "2"]
[White "Müdder, Melanie"]
[Black "Basovskiy, Jana"]
[Result "1/2-1/2"]
[Termination "normal"]
[Board "1.1"]
[WhiteElo "1888"]
[BlackElo "1847"]
[WhiteClock "00:05:44"]
[BlackClock "00:03:09"]
[WhiteTeam "SG Solingen"]
[BlackTeam "Karlsruher SF 1853"]
[PlyCount "61"]
[WhiteFideId "12994103"]
[BlackFideId "16208617"]
[EventCountry "GER"]
[EventRounds "7"]
[EventType "team-swiss"]
[EventDate "2023.12.26"]

1. e4 {[%clk 01:30:57]} {[%emt 00:00:01]} c5 {[%clk 01:30:57]} {[%emt
00:00:04]} 2. Nf3 {[%clk 01:31:21]} {[%emt 00:00:06]} e6 {[%clk 01:31:21]}
{[%emt 00:00:06]} 3. d4 {[%clk 01:31:45]} {[%emt 00:00:07]} cxd4 {[%clk
01:31:47]} {[%emt 00:00:03]} 4. Nxd4 {[%clk 01:32:10]} {[%emt 00:00:05]} Nf6
{[%clk 01:32:13]} {[%emt 00:00:04]} 5. Nc3 {[%clk 01:32:10]} {[%emt 00:00:29]}
Nc6 {[%clk 01:32:40]} {[%emt 00:00:05]} 6. Ndb5 {[%clk 01:30:04]} {[%emt
00:02:36]} Bb4 {[%clk 01:33:02]} {[%emt 00:00:08]} 7. a3 {[%clk 01:29:05]}
{[%emt 00:01:29]} Bxc3+ {[%clk 01:33:24]} {[%emt 00:00:07]} 8. Nxc3 {[%clk
01:27:59]} {[%emt 00:01:36]} d5 {[%clk 01:33:47]} {[%emt 00:00:07]} 9. Bd3
{[%clk 01:27:27]} {[%emt 00:01:02]} O-O {[%clk 01:27:46]} {[%emt 00:06:31]} 10.
O-O {[%clk 01:27:15]} {[%emt 00:00:43]} d4 {[%clk 01:15:40]} {[%emt 00:12:36]}
11. Ne2 {[%clk 01:25:12]} {[%emt 00:02:32]} e5 {[%clk 01:15:35]} {[%emt
00:00:35]} 12. h3 {[%clk 01:24:09]} {[%emt 00:01:32]} Re8 {[%clk 01:01:14]}
{[%emt 00:14:53]} 13. Ng3 {[%clk 01:20:16]} {[%emt 00:04:22]} Bd7 {[%clk
00:48:39]} {[%emt 00:13:05]} 14. b4 {[%clk 01:16:07]} {[%emt 00:04:38]} Rc8
{[%clk 00:45:13]} {[%emt 00:03:57]} 15. Qe1 {[%clk 01:08:03]} {[%emt 00:08:33]}
h6 {[%clk 00:31:51]} {[%emt 00:13:53]} 16. b5 {[%clk 00:57:06]} {[%emt
00:11:28]} Ne7 {[%clk 00:28:47]} {[%emt 00:03:33]} 17. f4 {[%clk 00:50:36]}
{[%emt 00:07:00]} exf4 {[%clk 00:26:27]} {[%emt 00:02:49]} 18. Bxf4 {[%clk
00:47:20]} {[%emt 00:03:47]} Ng6 {[%clk 00:20:17]} {[%emt 00:06:38]} 19. Qf2
{[%clk 00:41:00]} {[%emt 00:06:52]} Nxf4 {[%clk 00:14:38]} {[%emt 00:06:10]}
20. Qxf4 {[%clk 00:41:21]} {[%emt 00:00:09]} Qc7 {[%clk 00:13:18]} {[%emt
00:01:47]} 21. Nf5 {[%clk 00:35:35]} {[%emt 00:06:18]} Bxf5 {[%clk 00:05:26]}
{[%emt 00:08:21]} 22. exf5 {[%clk 00:32:12]} {[%emt 00:03:54]} Qc3 {[%clk
00:04:25]} {[%emt 00:01:30]} 23. Qh4 {[%clk 00:23:58]} {[%emt 00:08:45]} Re3
{[%clk 00:03:28]} {[%emt 00:01:27]} 24. Rae1 {[%clk 00:20:46]} {[%emt
00:03:42]} Rce8 {[%clk 00:03:49]} {[%emt 00:00:08]} 25. Rxe3 {[%clk 00:17:42]}
{[%emt 00:03:35]} Rxe3 {[%clk 00:04:16]} {[%emt 00:00:03]} 26. Qf4 {[%clk
00:16:29]} {[%emt 00:01:43]} Re8 {[%clk 00:04:36]} {[%emt 00:00:09]} 27. Qf3
{[%clk 00:13:33]} {[%emt 00:03:27]} b6 {[%clk 00:03:49]} {[%emt 00:01:17]} 28.
a4 {[%clk 00:06:40]} {[%emt 00:07:24]} Qb4 {[%clk 00:03:54]} {[%emt 00:00:22]}
29. Ra1 {[%clk 00:05:09]} {[%emt 00:02:02]} Qc3 {[%clk 00:03:59]} {[%emt
00:00:24]} 30. Rf1 {[%clk 00:05:26]} {[%emt 00:00:15]} Qb4 {[%clk 00:03:09]}
{[%emt 00:01:20]} 31. Ra1 {[%clk 00:05:44]} {[%emt 00:00:12]} 1/2-1/2

[Event "DVM U20w 2023"]
[Site "Magdeburg GER"]
[Date "2023.12.27"]
[Round "2"]
[White "Rudolph, Eva"]
[Black "Hoffmann, Sophia"]
[Result "0-1"]
[Termination "normal"]
[Board "1.3"]
[WhiteElo "1755"]
[BlackElo "1423"]
[WhiteClock "00:30:29"]
[BlackClock "00:00:36"]
[WhiteTeam "SG Solingen"]
[BlackTeam "Karlsruher SF 1853"]
[PlyCount "65"]
[WhiteFideId "16200594"]
[BlackFideId "16259130"]
[EventCountry "GER"]
[EventRounds "7"]
[EventType "team-swiss"]
[EventDate "2023.12.26"]

1. e4 {[%clk 01:30:57]} {[%emt 00:00:02]} e5 {[%clk 01:30:55]} {[%emt
00:00:05]} 2. Nf3 {[%clk 01:31:20]} {[%emt 00:00:08]} Nc6 {[%clk 01:31:20]}
{[%emt 00:00:04]} 3. d4 {[%clk 01:31:37]} {[%emt 00:00:13]} exd4 {[%clk
01:31:44]} {[%emt 00:00:05]} 4. Bc4 {[%clk 01:32:00]} {[%emt 00:00:07]} Bc5
{[%clk 01:29:45]} {[%emt 00:02:31]} 5. Ng5 {[%clk 01:32:15]} {[%emt 00:00:15]}
Ne5 {[%clk 01:20:10]} {[%emt 00:10:04]} 6. Nxf7 {[%clk 01:32:14]} {[%emt
00:00:31]} Nxf7 {[%clk 01:01:54]} {[%emt 00:18:46]} 7. Bxf7+ {[%clk 01:32:32]}
{[%emt 00:00:13]} Kf8 {[%clk 01:01:12]} {[%emt 00:01:12]} 8. Bb3 {[%clk
01:31:50]} {[%emt 00:01:12]} Qf6 {[%clk 00:59:10]} {[%emt 00:02:31]} 9. O-O
{[%clk 01:30:52]} {[%emt 00:01:28]} Ne7 {[%clk 00:57:59]} {[%emt 00:01:41]} 10.
f4 {[%clk 01:16:51]} {[%emt 00:14:31]} g6 {[%clk 00:52:45]} {[%emt 00:05:43]}
11. Kh1 {[%clk 01:00:45]} {[%emt 00:16:36]} Kg7 {[%clk 00:51:35]} {[%emt
00:01:41]} 12. c3 {[%clk 00:51:33]} {[%emt 00:09:42]} dxc3 {[%clk 00:46:23]}
{[%emt 00:05:42]} 13. Nxc3 {[%clk 00:41:35]} {[%emt 00:10:29]} d6 {[%clk
00:43:16]} {[%emt 00:03:36]} 14. f5 {[%clk 00:33:59]} {[%emt 00:08:07]} Rf8
{[%clk 00:34:04]} {[%emt 00:09:41]} 15. Bd2 {[%clk 00:31:42]} {[%emt 00:02:46]}
Bd7 {[%clk 00:31:59]} {[%emt 00:02:36]} 16. Ne2 {[%clk 00:27:41]} {[%emt
00:04:31]} Nc6 {[%clk 00:28:47]} {[%emt 00:03:41]} 17. Nf4 {[%clk 00:22:20]}
{[%emt 00:05:52]} Ne5 {[%clk 00:26:13]} {[%emt 00:03:03]} 18. fxg6 {[%clk
00:21:03]} {[%emt 00:01:48]} Qh4 {[%clk 00:18:21]} {[%emt 00:08:21]} 19. Be6
{[%clk 00:07:31]} {[%emt 00:14:03]} Bb5 {[%clk 00:11:57]} {[%emt 00:06:54]} 20.
Nh5+ {[%clk 00:06:11]} {[%emt 00:01:48]} Kxg6 {[%clk 00:11:13]} {[%emt
00:01:16]} 21. Bf5+ {[%clk 00:05:39]} {[%emt 00:01:00]} Kf7 {[%clk 00:09:02]}
{[%emt 00:02:43]} 22. Rf4 {[%clk 00:05:50]} {[%emt 00:00:19]} Qe7 {[%clk
00:06:45]} {[%emt 00:02:47]} 23. Bd7+ {[%clk 00:05:30]} {[%emt 00:00:50]} Kg8
{[%clk 00:03:15]} {[%emt 00:04:00]} 24. Bxb5 {[%clk 00:05:09]} {[%emt
00:00:51]} Rxf4 {[%clk 00:01:34]} {[%emt 00:02:11]} 25. Nxf4 {[%clk 00:04:04]}
{[%emt 00:01:35]} Qh4 {[%clk 00:01:08]} {[%emt 00:00:54]} 26. Qb3+ {[%clk
00:03:23]} {[%emt 00:01:12]} Kf8 {[%clk 00:00:38]} {[%emt 00:01:01]} 27. Rf1
{[%clk 00:02:53]} {[%emt 00:01:00]} Kg7 {[%clk 00:00:37]} {[%emt 00:00:32]} 28.
Bc3 {[%clk 00:01:22]} {[%emt 00:01:59]} a6 {[%clk 00:00:35]} {[%emt 00:00:33]}
29. Be2 {[%clk 00:01:32]} {[%emt 00:00:20]} Bb6 {[%clk 00:00:35]} {[%emt
00:00:31]} 30. Nh5+ {[%clk 00:01:37]} {[%emt 00:00:24]} Kh8 {[%clk 00:00:39]}
{[%emt 00:00:25]} 31. Qf7 {[%clk 00:01:33]} {[%emt 00:00:34]} Qg5 {[%clk
00:00:33]} {[%emt 00:00:36]} 32. Qe6 {[%clk 00:00:37]} {[%emt 00:01:23]} Bc5
{[%clk 00:00:36]} {[%emt 00:00:31]} 33. Qf7 {[%clk 00:30:29]} {[%emt 00:00:34]}
0-1

[Event "DVM U20w 2023"]
[Site "Magdeburg GER"]
[Date "2023.12.27"]
[Round "2"]
[White "Chung, Dana"]
[Black "Fetahovic, Sarah"]
[Result "0-1"]
[Termination "normal"]
[Board "1.4"]
[WhiteElo "1289"]
[BlackElo "1579"]
[WhiteClock "00:13:22"]
[BlackClock "00:04:33"]
[WhiteTeam "Karlsruher SF 1853"]
[BlackTeam "SG Solingen"]
[PlyCount "66"]
[WhiteFideId "16235290"]
[BlackFideId "34601546"]
[EventCountry "GER"]
[EventRounds "7"]
[EventType "team-swiss"]
[EventDate "2023.12.26"]

1. e4 {[%clk 01:30:54]} {[%emt 00:00:04]} e5 {[%clk 01:30:47]} {[%emt
00:00:13]} 2. Nc3 {[%clk 01:31:17]} {[%emt 00:00:08]} Nc6 {[%clk 01:30:37]}
{[%emt 00:00:40]} 3. Bc4 {[%clk 01:31:38]} {[%emt 00:00:09]} Bc5 {[%clk
01:29:27]} {[%emt 00:01:39]} 4. Qg4 {[%clk 01:30:09]} {[%emt 00:02:00]} Bf8
{[%clk 01:15:08]} {[%emt 00:15:00]} 5. d3 {[%clk 01:21:24]} {[%emt 00:09:21]}
d5 {[%clk 01:09:39]} {[%emt 00:05:59]} 6. Qg3 {[%clk 01:12:44]} {[%emt
00:09:15]} dxc4 {[%clk 01:07:00]} {[%emt 00:03:13]} 7. dxc4 {[%clk 01:09:25]}
{[%emt 00:03:51]} Nf6 {[%clk 00:51:16]} {[%emt 00:16:26]} 8. Bd2 {[%clk
01:08:45]} {[%emt 00:01:10]} Be6 {[%clk 00:47:10]} {[%emt 00:04:42]} 9. O-O-O
{[%clk 01:03:43]} {[%emt 00:05:35]} Bxc4 {[%clk 00:37:09]} {[%emt 00:10:39]}
10. f4 {[%clk 01:01:58]} {[%emt 00:02:16]} Qe7 {[%clk 00:28:45]} {[%emt
00:08:56]} 11. Nf3 {[%clk 00:57:10]} {[%emt 00:05:22]} exf4 {[%clk 00:23:05]}
{[%emt 00:06:13]} 12. Bxf4 {[%clk 00:55:13]} {[%emt 00:02:29]} Nh5 {[%clk
00:22:12]} {[%emt 00:01:25]} 13. Qg4 {[%clk 00:50:09]} {[%emt 00:05:39]} Nxf4
{[%clk 00:21:33]} {[%emt 00:01:12]} 14. Qxf4 {[%clk 00:49:29]} {[%emt
00:01:10]} Nb4 {[%clk 00:03:49]} {[%emt 00:18:34]} 15. Kb1 {[%clk 00:42:45]}
{[%emt 00:07:22]} Rd8 {[%clk 00:01:11]} {[%emt 00:03:14]} 16. a3 {[%clk
00:40:15]} {[%emt 00:03:02]} Na6 {[%clk 00:01:14]} {[%emt 00:00:29]} 17. Nd5
{[%clk 00:36:58]} {[%emt 00:03:52]} Bxd5 {[%clk 00:01:06]} {[%emt 00:00:41]}
18. exd5 {[%clk 00:36:31]} {[%emt 00:01:00]} Qd6 {[%clk 00:00:59]} {[%emt
00:00:39]} 19. Rhe1+ {[%clk 00:35:25]} {[%emt 00:01:40]} Be7 {[%clk 00:01:12]}
{[%emt 00:00:18]} 20. Rxe7+ {[%clk 00:32:40]} {[%emt 00:03:22]} Kxe7 {[%clk
00:01:30]} {[%emt 00:00:13]} 21. Re1+ {[%clk 00:27:23]} {[%emt 00:05:56]} Kf8
{[%clk 00:01:53]} {[%emt 00:00:08]} 22. Qxd6+ {[%clk 00:27:28]} {[%emt
00:00:25]} Rxd6 {[%clk 00:02:10]} {[%emt 00:00:13]} 23. c4 {[%clk 00:26:27]}
{[%emt 00:01:34]} f6 {[%clk 00:02:35]} {[%emt 00:00:05]} 24. Nd4 {[%clk
00:25:55]} {[%emt 00:01:04]} Kf7 {[%clk 00:02:57]} {[%emt 00:00:08]} 25. Nb5
{[%clk 00:21:33]} {[%emt 00:04:58]} Rb6 {[%clk 00:02:03]} {[%emt 00:01:23]} 26.
b4 {[%clk 00:18:46]} {[%emt 00:03:20]} Re8 {[%clk 00:02:02]} {[%emt 00:00:32]}
27. Rxe8 {[%clk 00:17:56]} {[%emt 00:01:20]} Kxe8 {[%clk 00:02:27]} {[%emt
00:00:05]} 28. Nxa7 {[%clk 00:13:53]} {[%emt 00:04:34]} Nxb4 {[%clk 00:02:36]}
{[%emt 00:00:21]} 29. axb4 {[%clk 00:13:46]} {[%emt 00:00:36]} Rxb4+ {[%clk
00:03:01]} {[%emt 00:00:06]} 30. Kc2 {[%clk 00:13:31]} {[%emt 00:00:45]} Rxc4+
{[%clk 00:03:26]} {[%emt 00:00:05]} 31. Kd3 {[%clk 00:13:03]} {[%emt 00:00:58]}
Rc5 {[%clk 00:03:49]} {[%emt 00:00:07]} 32. Kd4 {[%clk 00:13:15]} {[%emt
00:00:16]} Ra5 {[%clk 00:04:11]} {[%emt 00:00:09]} 33. Nc8 {[%clk 00:13:22]}
{[%emt 00:00:24]} Kd8 {[%clk 00:04:33]} {[%emt 00:00:08]} 0-1

[Event "DVM U20w 2023"]
[Site "Magdeburg GER"]
[Date "2023.12.27"]
[Round "2"]
[White "Sickmann, Lisa"]
[Black "Kohl, Natalie"]
[Result "1-0"]
[Termination "normal"]
[Board "2.1"]
[WhiteElo "1883"]
[BlackElo "1504"]
[WhiteClock "01:10:29"]
[BlackClock "00:10:36"]
[WhiteTeam "Lübecker SV 1873"]
[BlackTeam "Meuselwitzer SV"]
[PlyCount "57"]
[WhiteFideId "16267818"]
[BlackFideId "12967408"]
[EventCountry "GER"]
[EventRounds "7"]
[EventType "team-swiss"]
[EventDate "2023.12.26"]

1. e4 {[%clk 01:30:57]} {[%emt 00:00:02]} c5 {[%clk 01:30:08]} {[%emt
00:00:52]} 2. Nf3 {[%clk 01:31:22]} {[%emt 00:00:05]} d6 {[%clk 01:29:57]}
{[%emt 00:00:41]} 3. d4 {[%clk 01:31:47]} {[%emt 00:00:05]} cxd4 {[%clk
01:29:28]} {[%emt 00:00:59]} 4. Nxd4 {[%clk 01:32:11]} {[%emt 00:00:06]} Nf6
{[%clk 01:29:36]} {[%emt 00:00:21]} 5. Nc3 {[%clk 01:32:36]} {[%emt 00:00:06]}
a6 {[%clk 01:29:33]} {[%emt 00:00:34]} 6. Qf3 {[%clk 01:32:53]} {[%emt
00:00:11]} g6 {[%clk 01:29:35]} {[%emt 00:00:29]} 7. h3 {[%clk 01:33:17]}
{[%emt 00:00:06]} Bg7 {[%clk 01:29:34]} {[%emt 00:00:31]} 8. Be3 {[%clk
01:33:35]} {[%emt 00:00:12]} O-O {[%clk 01:29:01]} {[%emt 00:01:03]} 9. O-O-O
{[%clk 01:33:35]} {[%emt 00:00:29]} Nbd7 {[%clk 01:24:10]} {[%emt 00:05:22]}
10. g4 {[%clk 01:33:51]} {[%emt 00:00:13]} Ne5 {[%clk 01:21:56]} {[%emt
00:02:45]} 11. Qg3 {[%clk 01:33:19]} {[%emt 00:01:02]} Qc7 {[%clk 01:21:12]}
{[%emt 00:01:14]} 12. f4 {[%clk 01:32:43]} {[%emt 00:01:06]} Nc4 {[%clk
01:19:35]} {[%emt 00:02:06]} 13. Bxc4 {[%clk 01:33:08]} {[%emt 00:00:06]} Qxc4
{[%clk 01:19:51]} {[%emt 00:00:13]} 14. g5 {[%clk 01:31:22]} {[%emt 00:02:17]}
Nh5 {[%clk 01:18:00]} {[%emt 00:02:20]} 15. Qf2 {[%clk 01:29:57]} {[%emt
00:01:55]} Nxf4 {[%clk 01:15:31]} {[%emt 00:03:00]} 16. Bxf4 {[%clk 01:28:44]}
{[%emt 00:01:43]} e5 {[%clk 01:15:43]} {[%emt 00:00:18]} 17. Be3 {[%clk
01:28:18]} {[%emt 00:00:55]} exd4 {[%clk 01:14:03]} {[%emt 00:02:11]} 18. Bxd4
{[%clk 01:28:39]} {[%emt 00:00:09]} Bxd4 {[%clk 01:12:06]} {[%emt 00:02:27]}
19. Rxd4 {[%clk 01:27:04]} {[%emt 00:02:05]} Qc5 {[%clk 01:11:37]} {[%emt
00:00:55]} 20. Nd5 {[%clk 01:27:11]} {[%emt 00:00:27]} f5 {[%clk 00:47:28]}
{[%emt 00:24:39]} 21. gxf6 {[%clk 01:24:02]} {[%emt 00:03:39]} Rf7 {[%clk
00:44:07]} {[%emt 00:03:51]} 22. Rhd1 {[%clk 01:20:41]} {[%emt 00:03:50]} Be6
{[%clk 00:39:06]} {[%emt 00:05:32]} 23. Ne7+ {[%clk 01:20:20]} {[%emt
00:00:51]} Kf8 {[%clk 00:38:59]} {[%emt 00:00:36]} 24. Qh4 {[%clk 01:19:33]}
{[%emt 00:01:17]} Qh5 {[%clk 00:33:01]} {[%emt 00:06:28]} 25. Qf4 {[%clk
01:18:45]} {[%emt 00:01:18]} Qxh3 {[%clk 00:24:30]} {[%emt 00:09:01]} 26. Qxd6
{[%clk 01:16:52]} {[%emt 00:02:24]} Bd7 {[%clk 00:17:42]} {[%emt 00:07:19]} 27.
Nxg6+ {[%clk 01:14:05]} {[%emt 00:03:17]} Ke8 {[%clk 00:17:18]} {[%emt
00:00:52]} 28. Ne5 {[%clk 01:10:22]} {[%emt 00:04:13]} Qe3+ {[%clk 00:10:36]}
{[%emt 00:07:13]} 29. Kb1 {[%clk 01:10:29]} {[%emt 00:00:22]} 1-0

[Event "DVM U20w 2023"]
[Site "Magdeburg GER"]
[Date "2023.12.27"]
[Round "2"]
[White "Mai, Mariella"]
[Black "Malinowsky, Celina"]
[Result "1/2-1/2"]
[Termination "normal"]
[Board "2.2"]
[WhiteElo "1667"]
[BlackElo "1530"]
[WhiteClock "00:27:08"]
[BlackClock "00:31:17"]
[WhiteTeam "Meuselwitzer SV"]
[BlackTeam "Lübecker SV 1873"]
[PlyCount "49"]
[WhiteFideId "16281780"]
[BlackFideId "16266986"]
[EventCountry "GER"]
[EventRounds "7"]
[EventType "team-swiss"]
[EventDate "2023.12.26"]

1. Nf3 {[%clk 01:30:53]} {[%emt 00:00:06]} d5 {[%clk 01:30:15]} {[%emt
00:00:45]} 2. g3 {[%clk 01:30:20]} {[%emt 00:01:04]} Nf6 {[%clk 01:29:10]}
{[%emt 00:01:35]} 3. Bg2 {[%clk 01:29:40]} {[%emt 00:01:10]} g6 {[%clk
01:27:32]} {[%emt 00:02:07]} 4. d4 {[%clk 01:28:11]} {[%emt 00:02:00]} Bg7
{[%clk 01:27:29]} {[%emt 00:00:33]} 5. O-O {[%clk 01:27:57]} {[%emt 00:00:44]}
Nbd7 {[%clk 01:24:12]} {[%emt 00:03:47]} 6. c3 {[%clk 01:26:33]} {[%emt
00:01:53]} O-O {[%clk 01:22:19]} {[%emt 00:02:24]} 7. Qb3 {[%clk 01:21:01]}
{[%emt 00:06:01]} Re8 {[%clk 01:18:26]} {[%emt 00:04:22]} 8. Re1 {[%clk
01:21:12]} {[%emt 00:00:19]} b6 {[%clk 01:12:54]} {[%emt 00:06:03]} 9. Nbd2
{[%clk 01:15:23]} {[%emt 00:06:20]} Bb7 {[%clk 01:11:24]} {[%emt 00:02:00]} 10.
e3 {[%clk 01:06:19]} {[%emt 00:09:34]} c5 {[%clk 01:06:11]} {[%emt 00:05:42]}
11. a4 {[%clk 00:57:08]} {[%emt 00:09:41]} Qc7 {[%clk 01:01:02]} {[%emt
00:05:39]} 12. Qc2 {[%clk 00:55:05]} {[%emt 00:02:32]} e5 {[%clk 00:57:00]}
{[%emt 00:04:33]} 13. Nb3 {[%clk 00:53:15]} {[%emt 00:02:20]} Ne4 {[%clk
00:52:10]} {[%emt 00:05:20]} 14. dxe5 {[%clk 00:48:57]} {[%emt 00:04:48]} Nxe5
{[%clk 00:49:41]} {[%emt 00:02:59]} 15. Nxe5 {[%clk 00:48:53]} {[%emt
00:00:33]} Qxe5 {[%clk 00:48:26]} {[%emt 00:01:47]} 16. a5 {[%clk 00:46:28]}
{[%emt 00:02:55]} Nf6 {[%clk 00:46:07]} {[%emt 00:02:49]} 17. Bd2 {[%clk
00:43:57]} {[%emt 00:03:00]} Bc6 {[%clk 00:43:43]} {[%emt 00:02:54]} 18. Nc1
{[%clk 00:40:01]} {[%emt 00:04:25]} Bd7 {[%clk 00:40:15]} {[%emt 00:03:59]} 19.
c4 {[%clk 00:35:53]} {[%emt 00:04:39]} Bf5 {[%clk 00:35:42]} {[%emt 00:05:03]}
20. Qb3 {[%clk 00:35:21]} {[%emt 00:01:01]} dxc4 {[%clk 00:34:43]} {[%emt
00:01:30]} 21. Qxc4 {[%clk 00:35:35]} {[%emt 00:00:15]} Be4 {[%clk 00:33:59]}
{[%emt 00:01:15]} 22. Bc3 {[%clk 00:29:49]} {[%emt 00:06:16]} Qd5 {[%clk
00:30:39]} {[%emt 00:03:50]} 23. Qxd5 {[%clk 00:28:37]} {[%emt 00:01:42]} Nxd5
{[%clk 00:30:57]} {[%emt 00:00:12]} 24. Bxe4 {[%clk 00:28:09]} {[%emt
00:00:57]} Rxe4 {[%clk 00:31:17]} {[%emt 00:00:10]} 25. Bxg7 {[%clk 00:27:08]}
{[%emt 00:01:32]} 1/2-1/2

[Event "DVM U20w 2023"]
[Site "Magdeburg GER"]
[Date "2023.12.27"]
[Round "2"]
[White "Hellenbroich, Helene"]
[Black "Scheiding, Sophia"]
[Result "1/2-1/2"]
[Termination "normal"]
[Board "2.3"]
[WhiteElo "1358"]
[BlackElo "1421"]
[WhiteClock "00:50:05"]
[BlackClock "00:58:06"]
[WhiteTeam "Lübecker SV 1873"]
[BlackTeam "Meuselwitzer SV"]
[PlyCount "39"]
[WhiteFideId "16270754"]
[BlackFideId "16287010"]
[EventCountry "GER"]
[EventRounds "7"]
[EventType "team-swiss"]
[EventDate "2023.12.26"]

1. e4 {[%clk 01:30:37]} {[%emt 00:00:22]} e5 {[%clk 01:30:37]} {[%emt
00:00:24]} 2. Nf3 {[%clk 01:30:21]} {[%emt 00:00:45]} Nf6 {[%clk 01:30:28]}
{[%emt 00:00:39]} 3. Nxe5 {[%clk 01:29:13]} {[%emt 00:01:39]} d6 {[%clk
01:30:47]} {[%emt 00:00:11]} 4. Nf3 {[%clk 01:28:20]} {[%emt 00:01:23]} Nxe4
{[%clk 01:31:05]} {[%emt 00:00:12]} 5. Bc4 {[%clk 01:27:08]} {[%emt 00:01:42]}
Be7 {[%clk 01:30:40]} {[%emt 00:00:55]} 6. d3 {[%clk 01:25:57]} {[%emt
00:01:40]} Nf6 {[%clk 01:31:03]} {[%emt 00:00:08]} 7. O-O {[%clk 01:25:31]}
{[%emt 00:00:55]} O-O {[%clk 01:31:25]} {[%emt 00:00:09]} 8. Re1 {[%clk
01:23:07]} {[%emt 00:02:54]} Nc6 {[%clk 01:29:57]} {[%emt 00:01:57]} 9. Bg5
{[%clk 01:21:50]} {[%emt 00:01:47]} d5 {[%clk 01:27:26]} {[%emt 00:03:02]} 10.
Bb3 {[%clk 01:22:14]} {[%emt 00:00:06]} Be6 {[%clk 01:27:21]} {[%emt 00:00:34]}
11. c3 {[%clk 01:19:34]} {[%emt 00:03:10]} h6 {[%clk 01:23:41]} {[%emt
00:04:11]} 12. Bh4 {[%clk 01:16:01]} {[%emt 00:04:03]} Nh7 {[%clk 01:21:06]}
{[%emt 00:03:05]} 13. Bxe7 {[%clk 01:09:34]} {[%emt 00:06:57]} Nxe7 {[%clk
01:21:24]} {[%emt 00:00:12]} 14. Ne5 {[%clk 01:05:36]} {[%emt 00:04:28]} Nf6
{[%clk 01:20:02]} {[%emt 00:01:52]} 15. Qe2 {[%clk 01:04:27]} {[%emt 00:01:38]}
Re8 {[%clk 01:18:22]} {[%emt 00:02:10]} 16. Nd2 {[%clk 00:58:11]} {[%emt
00:06:47]} Nf5 {[%clk 01:13:47]} 17. d4 {[%clk 00:55:40]} {[%emt 00:08:06]} Nd6
{[%clk 01:11:17]} {[%emt 00:03:00]} 18. Bc2 {[%clk 00:54:01]} {[%emt 00:02:09]}
Qc8 {[%clk 01:06:03]} {[%emt 00:05:43]} 19. Qf3 {[%clk 00:49:51]} {[%emt
00:04:40]} Bf5 {[%clk 00:58:06]} {[%emt 00:08:27]} 20. Bxf5 {[%clk 00:50:05]}
{[%emt 00:00:16]} 1/2-1/2

[Event "DVM U20w 2023"]
[Site "Magdeburg GER"]
[Date "2023.12.27"]
[Round "2"]
[White "Ignatova, Gabriela"]
[Black "Rosin, Ida"]
[Result "1/2-1/2"]
[Termination "normal"]
[Board "2.4"]
[WhiteElo "1202"]
[BlackElo "1199"]
[WhiteClock "00:53:17"]
[BlackClock "00:54:01"]
[WhiteTeam "Meuselwitzer SV"]
[BlackTeam "Lübecker SV 1873"]
[PlyCount "45"]
[WhiteFideId "34623698"]
[BlackFideId "16273214"]
[EventCountry "GER"]
[EventRounds "7"]
[EventType "team-swiss"]
[EventDate "2023.12.26"]

1. e4 {[%clk 01:30:52]} {[%emt 00:00:07]} c5 {[%clk 01:30:53]} {[%emt
00:00:06]} 2. c3 {[%clk 01:31:00]} {[%emt 00:00:24]} e6 {[%clk 01:31:15]}
{[%emt 00:00:07]} 3. d4 {[%clk 01:31:24]} {[%emt 00:00:06]} d5 {[%clk
01:31:35]} {[%emt 00:00:10]} 4. dxc5 {[%clk 01:30:48]} {[%emt 00:01:06]} Bxc5
{[%clk 01:31:27]} {[%emt 00:00:38]} 5. exd5 {[%clk 01:31:00]} {[%emt 00:00:18]}
exd5 {[%clk 01:30:10]} {[%emt 00:01:47]} 6. Nf3 {[%clk 01:30:58]} {[%emt
00:00:32]} Nc6 {[%clk 01:29:35]} {[%emt 00:01:04]} 7. Bb5 {[%clk 01:31:05]}
{[%emt 00:00:23]} Qb6 {[%clk 01:25:52]} {[%emt 00:04:12]} 8. Qe2+ {[%clk
01:30:38]} {[%emt 00:00:59]} Be6 {[%clk 01:24:02]} {[%emt 00:02:19]} 9. b4
{[%clk 01:24:55]} {[%emt 00:06:13]} Bd6 {[%clk 01:16:01]} {[%emt 00:08:31]} 10.
Be3 {[%clk 01:24:35]} {[%emt 00:00:51]} Qc7 {[%clk 01:15:31]} {[%emt 00:00:59]}
11. O-O {[%clk 01:24:27]} {[%emt 00:00:40]} Nf6 {[%clk 01:14:38]} {[%emt
00:01:23]} 12. Nbd2 {[%clk 01:23:39]} {[%emt 00:01:17]} Ng4 {[%clk 01:13:02]}
{[%emt 00:02:06]} 13. h3 {[%clk 01:22:19]} {[%emt 00:01:51]} Nxe3 {[%clk
01:11:42]} {[%emt 00:01:48]} 14. Qxe3 {[%clk 01:21:49]} {[%emt 00:01:00]} Bf4
{[%clk 01:10:04]} {[%emt 00:02:08]} 15. Qe2 {[%clk 01:21:24]} {[%emt 00:00:57]}
O-O {[%clk 01:09:58]} {[%emt 00:00:35]} 16. Rfe1 {[%clk 01:19:59]} {[%emt
00:01:55]} a6 {[%clk 01:09:25]} {[%emt 00:01:03]} 17. Ba4 {[%clk 01:17:41]}
{[%emt 00:02:48]} b5 {[%clk 01:07:02]} {[%emt 00:02:52]} 18. Bb3 {[%clk
01:16:18]} {[%emt 00:01:54]} h6 {[%clk 01:05:44]} {[%emt 00:01:48]} 19. Rad1
{[%clk 01:15:00]} {[%emt 00:01:48]} Rfd8 {[%clk 01:04:30]} {[%emt 00:01:43]}
20. Nf1 {[%clk 01:11:24]} {[%emt 00:04:08]} Rac8 {[%clk 01:00:14]} {[%emt
00:04:44]} 21. Ne3 {[%clk 01:02:46]} {[%emt 00:09:09]} Ne7 {[%clk 00:57:37]}
{[%emt 00:03:06]} 22. Rd3 {[%clk 00:58:19]} {[%emt 00:04:57]} Rd7 {[%clk
00:54:01]} {[%emt 00:04:05]} 23. Nd4 {[%clk 00:53:17]} {[%emt 00:05:34]}
1/2-1/2